Central Library OPAC University of Rajshahi

British social work in the nineteenth century / (Record no. 48421)

MARC details
000 -LEADER
fixed length control field 01047nam a2200289 a 4500
001 - CONTROL NUMBER
control field 48421
003 - CONTROL NUMBER IDENTIFIER
rucl marc code BD-RjUL
005 - DATE AND TIME OF LATEST TRANSACTION
control field 20211209054525.0
008 - FIXED-LENGTH DATA ELEMENTS--GENERAL INFORMATION
fixed length control field 720315r1963 enk 001 0 eng
035 ## - SYSTEM CONTROL NUMBER
System control number (BD-RjUL) 48540
System control number (OCoLC)263769
040 ## - CATALOGING SOURCE
Original cataloging agency DLC
Transcribing agency ODaWU
Modifying agency OCoLC
-- BD-RjUL
Language of cataloging eng
041 ## - LANGUAGE CODE
Language code of text/sound track or separate title eng
082 ## - DEWEY DECIMAL CLASSIFICATION NUMBER
Edition number 23
Classification number 361.9034
Author mark and year YOB 1963
100 10 - MAIN ENTRY--PERSONAL NAME
Personal name Young, A. F.
Fuller form of name (Agnes Freda)
9 (RLIN) 146478
245 10 - TITLE STATEMENT
Title British social work in the nineteenth century /
Statement of responsibility, etc. by A. F. Young and E. T. Ashton.
260 ## - PUBLICATION, DISTRIBUTION, ETC. (IMPRINT)
Place of publication, distribution, etc. London :
Name of publisher, distributor, etc. Routledge and K. Paul,
Date of publication, distribution, etc. 1956 [Impression 1963]
300 ## - PHYSICAL DESCRIPTION
Pagination 264 p. ;
Size 23 cm.
490 1# - SERIES STATEMENT
Series statement International library of sociology and social reconstruction
500 ## - GENERAL NOTE
General note Include index
650 #0 - SUBJECT ADDED ENTRY--TOPICAL TERM
Topical term or geographic name as entry element Charities
Geographic subdivision Great Britain
General subdivision History.
9 (RLIN) 145222
Topical term or geographic name as entry element Public welfare
Geographic subdivision Great Britain
General subdivision History.
9 (RLIN) 143237
700 1# - ADDED ENTRY--PERSONAL NAME
Personal name Ashton, E. T.
Fuller form of name (Elwyn Thomas)
830 #0 - SERIES ADDED ENTRY--UNIFORM TITLE
Uniform title International library of sociology and social reconstruction (Routledge & Kegan Paul)
942 ## - ADDED ENTRY ELEMENTS (KOHA)
Source of classification or shelving scheme Dewey Decimal Classification
Koha item type Books
Holdings
Lost status Source of classification or shelving scheme Damaged status Not for loan Collection code Permanent Location Current Location Shelving location Date acquired Source of acquisition Cost, normal purchase price Total Checkouts Full call number Date last seen Copy number Koha item type
  Dewey Decimal Classification     Non-fiction Central Library, University of Rajshahi Central Library, University of Rajshahi   28/05/1965 Zeitlinger 22.15   361.9034 YOB 1963 14/08/2016 C-2 Books
  Dewey Decimal Classification     Non-fiction Central Library, University of Rajshahi Central Library, University of Rajshahi   15/06/1965 Euro pak. 22.75   361.9034 YOB 1963 23/08/2016 C-3 Books
  Dewey Decimal Classification     Non-fiction Central Library, University of Rajshahi Central Library, University of Rajshahi   28/10/1966 Mirza Book     361.9034 YOB 1963 29/08/2016 C-4 Books